000 00418nam a2200157Ia 4500
008 150509s9999 xx 000 0 und d
020 _a0 900791 35 7
082 _a332.17 MAT
100 _aMather, L.C.
245 _aBanker and customer relationship and the accounts of personal customers
260 _aLondon:
260 _bWaterlow
260 _c1977
300 _aii, 322 p. : 21 cm.
500 _a Includes index
999 _c1167
_d1167